Fr. Conceicao Rodrigues College of Engineering

Using SCO TM Unix (Record no. 18746)

MARC details
000 -LEADER
fixed length control field 00284nam a2200145Ia 4500
082 ## - DEWEY DECIMAL CLASSIFICATION NUMBER
Classification number 1.6424
Item number LEB
100 ## - MAIN ENTRY--PERSONAL NAME
Personal name Leblond
245 ## - TITLE STATEMENT
Title Using SCO TM Unix
260 ## - PUBLICATION, DISTRIBUTION, ETC.
Name of publisher, distributor, etc. Osborne
Place of publication, distribution, etc. Berkeley
Date of publication, distribution, etc. 1990
300 ## - PHYSICAL DESCRIPTION
Extent 611
546 ## - LANGUAGE NOTE
Language note ENGLISH
654 ## - SUBJECT ADDED ENTRY--FACETED TOPICAL TERMS
Focus term unix
942 ## - ADDED ENTRY ELEMENTS (KOHA)
Koha item type BOOK
Holdings
Withdrawn status Lost status Damaged status Not for loan Collection Home library Current library Shelving location Date acquired Cost, normal purchase price Total Checkouts Full call number Barcode Date last seen Cost, replacement price Price effective from Koha item type
        CRC Fr. Agnel's C.Rodrigues College of Engineering Fr. Agnel's C.Rodrigues College of Engineering   17/03/2023 508.80   1.6424 LEB 3951 17/03/2023 508.80 17/03/2023 BOOK